| 000 | 01173nam a2200229Ia 4500 | ||
|---|---|---|---|
| 001 | L808-30829 | ||
| 003 | IT-CnALBA | ||
| 008 | 170116s9999||||xx |||||||||||||| ||und|| | ||
| 040 |
_aIT-CnALBA _cIT-CnALBA |
||
| 041 | _aITALIANO | ||
| 100 | _aFLAMINI GIANNI | ||
| 245 | 0 | _aUN AGOSTO TRANQUILLO. CRONACA DI UN COLPO DI STATO. | |
| 250 | _a1a ed. | ||
| 260 |
_a ROMA _bCOINES EDIZIONI S.P.A. _c1971 [1° Ed.:1971 - Ed.Ling.Originale: 1971] |
||
| 300 | _a150 p. | ||
| 500 | _aIPOTESI DI UN COLPO DI STATO IN PIENA ESTATE CON NESSI E CONNESSI IN UNA SITAZIONE DRAMMATICA. SATIRA DI UN COSTUME DI IRRESPONSABILITÀ. ASSENTEISMO POLITICO. IMMOBILISMO DELLA CLASSE DIRIGENTE. CAUSE ED EFFETTI DEL PROBLEMA. | ||
| 501 | _aSocietà San Paolo EM - Piazza San Paolo, 14 - 12051 ALBA (CN) (non commercial uses only) ® Copyright 2017 | ||
| 520 | _aIPOTESI DI UN COLPO DI STATO IN PIENA ESTATE CON NESSI E CONNESSI IN UNA SITAZIONE DRAMMATICA. SATIRA DI UN COSTUME DI IRRESPONSABILITÀ. ASSENTEISMO POLITICO. IMMOBILISMO DELLA CLASSE DIRIGENTE. CAUSE ED EFFETTI DEL PROBLEMA. | ||
| 650 | _aNARRATIVA DI VARIE LETTERATURE - ROMANZI | ||
| 942 | _cBK | ||
| 957 | _71 | ||
| 999 |
_a35604 _bNO _g Copie: 1 _c289670 _d289670 |
||